Student guide and solutions manual for Atkins and Jones : Chemical principles: The quest for insight
Wedi'i Gadw mewn:
| Fformat: | Llyfr |
|---|---|
| Iaith: | Undetermined |
| Cyhoeddwyd: |
New York, N.Y.
W. H. Freeman
2005
|
| Pynciau: | |
| Tagiau: |
Ychwanegu Tag
Dim Tagiau, Byddwch y cyntaf i dagio'r cofnod hwn!
|
| Thư viện lưu trữ: | Trung tâm Học liệu Trường Đại học Cần Thơ |
|---|
| LEADER | 00532nam a2200181Ia 4500 | ||
|---|---|---|---|
| 001 | CTU_104241 | ||
| 008 | 210402s9999 xx 000 0 und d | ||
| 082 | |a 540.76 | ||
| 082 | |b S933 | ||
| 245 | 0 | |a Student guide and solutions manual for Atkins and Jones : | |
| 245 | 0 | |b Chemical principles: The quest for insight | |
| 245 | 0 | |c John Krenos ... [et al.] | |
| 260 | |a New York, N.Y. | ||
| 260 | |b W. H. Freeman | ||
| 260 | |c 2005 | ||
| 650 | |a Chemistry | ||
| 904 | |i Minh | ||
| 980 | |a Trung tâm Học liệu Trường Đại học Cần Thơ | ||